Pays ayant les plus grosses dettes en dollars - Statistiques

Statistiques générales
  • Ce quiz a été pris 170 fois
  • Le résultat moyen est 8 sur 10
Statistiques - réponses
Somme de la dette (en $) Pays % Correct
3 299 Milliards France
98%
30 000 Milliards États-Unis
97%
40 000 Milliards Chine
94%
4 713 Milliards Allemagne
89%
2 166 Milliards Espagne
86%
8 981 Milliards Royaume-Uni
85%
2 223 Milliards Italie
84%
2 441 Milliards Japon
83%
3 790 Milliards Pays-Bas
36%
2 253 Milliards Irlande
22%
Aucun quiz correspondant
Distribution des résultats
% des personnes avec chaque résultat
Percentile par nombre de réponses
Votre historique - résultats
Vous n’avez pas pris ce quiz